Statistics for Foo Fighters Songs By Lyrics

Click here to take the quiz!

General Stats

  • This quiz has been taken 1,156 times
  • The average score is 9 of 19

Answer Stats

Hint Answer % Correct
Don't wanna be your monkey wrench, One more incident accident, I'd rather leave than suffer thisMonkey Wrench
85%
I'm looking to the sky to save me, Looking for a sign of life,Looking for something to help me burn out brightLearn to Fly
81%
I've got another confession my friend, I'm no fool, I'm getting tired of starting again, Somewhere newBest of You
79%
Are you ready? I'm finished making sense, Done pleading ignorance, That whole defenceThe Pretender
78%
And I wonder, When I sing along with you, If everything could feel this real foreverEverlong
77%
Learning to talk again, Can't you see I've waited long enough? Where do I begin?Walk
71%
I am a one way motorway, I'm the one that drives away, Then folows you back home, I am a street light shining, I'm a wild light blinding bright, Burning off aloneTimes Like These
54%
Truth or consequence, say it aloud, Use that evidence, race it aroundMy Hero
54%
This indecision got me climbing up the wall, Cheating gravityand waiting on the fallRope
43%
Shame, shame go away, Come again some other day, You used to say I couldn't save you enough, So I've been savin' it upArlandria
43%
...Their bombs will drop and silence everything, But it's alright, Yeah it's alright, Said it's alright, Easy for you to sayThese Days
41%
It's a shame we have to die my dear, No one's getting out of here, alive, This timeDOA
40%
Well I wanted something better man, I wished for something new, And I wanted something beautiful, I wished for something trueWheels
39%
Let's say we take this town, No king or queen of any state, Get up to shut it down, Opens the streets and raise the gatesLong Road to Ruin
33%
Visiting is pretty, Visiting is good, Semms that all they ever wanted was a brotherThis is a Call
31%
Truth ain't gonna change the way you lie, Youth ain't gonna change the way you dieDear Rosemary
26%
Hear me screamin', Breaking in the muted skies, This thunder heart, Like bombs beating, Echoing a thousand milesIn Your Honor
16%
What a nice long leash, What a nice tight noose, Never looked good on me but, sure looks good on youMiss the Misery
10%
Burn all the candles out, Make a wish but not aloud, Relive the here and now, See you now and thenEnd Over End
9%

Score Distribution

Percentile by Number Answered

Percent of People with Each Score

Your Score History

You have not taken this quiz